Cities in France - Sudden Death - Statistics

General Stats
  • This quiz has been taken 221 times
  • The average score is 12 of 16
Answers on the Grid
Answers color-coded by a green-red scale on the quiz's grid according to % correct below.
Antwerp
Basel
Bilbao
Bordeaux
Breda
Brussels
Dijon
Dresden
Eindhoven
Geneva
Genoa
Lausanne
Le Mans
Liège
Lille
Limoges
Lyon
Marseille
Montpellier
Nantes
New York
Nice
Paris
Reims
Rennes
Saint-Étienne
Strasbourg
Toulouse
Vancouver
Vigo
York
Zurich
 
Answer Stats
Answer % Correct
Bordeaux
91%
Dijon
87%
Lyon
82%
Marseille
79%
Paris
79%
Nice
78%
Lille
75%
Rennes
75%
Le Mans
74%
Montpellier
73%
Toulouse
73%
Nantes
71%
Strasbourg
71%
Saint-Étienne
70%
Reims
66%
Limoges
59%
No matching quizzes found
Score Distribution
Percent of People with Each Score
Percentile by Number Answered
Your Score History
You have not taken this quiz